| 000 | 01142nam a22003017i 4500 | ||
|---|---|---|---|
| 999 |
_c22778 _d22778 |
||
| 003 | AR-CdUCM | ||
| 008 | 240304b20212021pe ||||| |||| 00| 0 spa d | ||
| 020 | _a978-612-00-5992-0 | ||
| 040 |
_aMUNICIPALIDAD PROVINCIAL DEL CUSCO _cBIBLIOTECA MUNICIPAL DEL CUSCO |
||
| 041 | _hspa | ||
| 082 |
_a348.54 / J28 _bJ28 |
||
| 100 |
_aJayo Silva, Carlos Eduardo _948952 |
||
| 245 | _aNociones Generales del Derecho Ambiental / | ||
| 260 |
_aWanchaq-Cusco : _c2021 |
||
| 300 |
_a255 páginas. : _c21 cm. |
||
| 500 | _zBibliografía: 257-259 | ||
| 505 | _aDerecho ambiental -- Principios del Derecho Ambiental -- Ecología -- Ecosistema -- Impacto ambiental -- Desarrollo humano -- Delitos contra el ambiente -- Daño ambiental moral -- Proceso de naturaleza constitucional | ||
| 650 |
_aDerecho ambiental _949179 |
||
| 650 |
_aEcología _94960 |
||
| 650 |
_aEcosistema _936050 |
||
| 650 |
_aDaño ambiental _949410 |
||
| 650 |
_aImpacto ambiental _944210 |
||
| 650 |
_aPolítica ambiental _94262 |
||
| 650 |
_aDaño ambiental material _949411 |
||
| 650 |
_aDaño ambiental moral _949412 |
||
| 942 |
_2ddc _cLIBROS |
||
| 945 |
_apbj _d4-03-2024 |
||